| 000 | 01142pam a2200301 a 4500 | ||
|---|---|---|---|
| 001 | 3924804 | ||
| 003 | OSt | ||
| 005 | 20211015135807.0 | ||
| 008 | 921023s1993 enka b 001 0 eng | ||
| 010 | _a 92039740 | ||
| 020 | _a0632035463 | ||
| 040 |
_aDLC _cHU _dDLC |
||
| 050 | 0 | 0 |
_aQL751 _b.K815 1993 |
| 082 | 0 | 0 |
_a591.51 _220 |
| 100 | 1 |
_aKrebs, J. R. _q(John R.) _913910 |
|
| 245 | 1 | 3 |
_aAn introduction to behavioural ecology / _cJ.R. Krebs, N.B. Davies ; drawings by Jan Parr. |
| 250 | _a3rd ed. | ||
| 260 |
_aOxford [England] ; _aCambridge, MA : _bBlackwell Scientific Publications, _cc1993. |
||
| 300 |
_axii, 420 p. : _bill. (some col.) ; _c25 cm. |
||
| 504 | _aIncludes bibliographical references (p. 387-405) and indexes. | ||
| 650 | 0 |
_aAnimal behavior. _97025 |
|
| 650 | 0 |
_aAnimal behavior _xEvolution. _97100 |
|
| 650 | 0 |
_aAnimal ecology. _93294 |
|
| 700 | 1 |
_aDavies, N. B. _q(Nicholas B.), _d1952- _913911 |
|
| 906 |
_a7 _bcbc _corignew _d1 _eocip _f19 _gy-gencatlg |
||
| 942 |
_2ddc _cBOOKS _n0 |
||
| 999 |
_c12999 _d12999 |
||